LEADER 01264nam a2200265 a 4500 001 000000165305 003 CaOOAMICUS 005 20180125121109.0 008 180125s1998 it m u001 u ita r 032 $aLibriCat 040 $aPUL$bita 100 1 $aBae, Kyung Min Peter.$0(OLS)http://pul/name/106472 245 10$aApproccio ermeneutico alla missione della chiesa nel mondo attraverso i concetti fondamentali del Vangelo /$cBae Kyung Min Peter, K.M.S. 260 $aRoma :$b[s.n.],$c1998. 300 $a91 p. ;$c24 cm. 502 $aEstratto da tesi. Pontificia Universitą Urbaniana. Facultas Missiologiae. 1998. 504 $aBibliografia in nota a pič pagina. 650 4$aMissiologia.$0(OLS)http://pul/subject/9730 710 2 $aPontificia Universitą Urbaniana.$bFacoltą di missiologia$kTesi.$0(OLS)http://pul/name/84544 850 $aPUL 852 $aPUL$W1$xDP1 Tesi Pon. Univ. Urbaniana$y49$mTH URB 491$j189595$qTesi$B192634$CPULBib$Z2$F192634 $H78711 $81 941 1 $a16 996 $6245$aApproccio ermeneutico alla missione della chiesa nel mondo attraverso i concetti fondamentali del Vangelo$9(OLS)http://pul/title/204993 996 $6260$aRoma :$b[s.n.]$9(OLS)http://pul/publisher/47958 LEADER 01207nam a2200277 a 4500 001 000000151930 003 CaOOAMICUS 005 20160520120852.0 008 160520s2016 it 000 u ita r 020 $a978-88-17-08596-0* 032 $aLibriCat 040 $aPUL$bita 082 14$a539 100 1 $aTonelli, Guido.$0(OLS)http://pul/name/96671 245 13$aLa nascita imperfetta delle cose :$bla grande corsa alla particella di Dio e la nuova fisica che cambierą il mondo /$cGuido Tonelli. 260 $aMilano :$bRizzoli,$c©2016. 300 $a333 p. ;$c22 cm. 650 4$aFisica atomica.$0(OLS)http://pul/subject/6753 850 $aPUL 852 $aPUL$W1$xSL Cons. Gen., Altre Classi 3$y75$m539 TONGU 1$j174601$qDDC 21$B177157$CPULBib$Z2$F177157 $H127746 $81 941 1 $a9 996 $6020$a978-88-17-08596-0*$9(OLS)http://pul/number/160403 996 $6082$a539$9(OLS)http://pul/classification/2910 996 $6245$aLa nascita imperfetta delle cose :$bla grande corsa alla particella di Dio e la nuova fisica che cambierą il mondo$9(OLS)http://pul/title/191246 996 $6260$aMilano :$bRizzoli$9(OLS)http://pul/publisher/48712